Guess the Taylor Swift Song with No Hints - 17 - Statistics

General Stats
  • This quiz has been taken 55 times
  • The average score is 324 of 429
Answer Stats
Answer % Correct
I
100%
"I
100%
a
98%
me
98%
it
95%
the
95%
you
95%
and
93%
Then
93%
In
90%
in
90%
my
90%
where
90%
Where
90%
can
88%
do
88%
is
88%
it's-
88%
it's
88%
love
88%
they
88%
to
88%
your
88%
can't
86%
For
86%
have
86%
of
86%
so
86%
that
86%
That
86%
this
86%
was
86%
I'm
83%
Like
83%
no
83%
on
83%
"What
83%
What
83%
what
83%
if
81%
Just
81%
just
81%
not
81%
say
81%
at
79%
Did
79%
I'll
79%
Now
79%
now
79%
up?
79%
up
79%
all
76%
All
76%
him"
76%
him
76%
one
76%
than
76%
would
74%
down
71%
Down
71%
get
71%
How
71%
knew
71%
us
71%
us.
71%
back
69%
Cause
69%
from
69%
make
69%
out
69%
bad
67%
bad,
67%
crying
64%
Everything
64%
gym
64%
moment
64%
really
64%
some
64%
take
64%
teenage
64%
think
64%
came
62%
come
62%
difference
62%
difference."
62%
here
62%
loved
62%
might
62%
comes
60%
die,
60%
lost
60%
about
57%
alone
57%
bigger
57%
leave
57%
pick
57%
talk
57%
Tell
57%
chosen
55%
cosmic
55%
old
55%
safe
55%
sent
55%
stay
55%
struck
55%
experiments
52%
Leaving
52%
petulance
52%
planet
52%
stranded
52%
They'll
52%
town
52%
twin
52%
blood
50%
clothes?
50%
cloud
50%
dare
50%
dust
50%
existence
50%
heaven
50%
naked
50%
romantic
50%
same
50%
sky,
50%
sparkling
50%
world
50%
closer
48%
fort
48%
Show
48%
Staring
48%
takeovers
48%
understand
48%
build
45%
indecent
45%
nuts
45%
petulance
45%
beam
43%
blood
43%
hollow
43%
seems
43%
somehow
43%
Encounters
40%
exposures
40%
hostile
40%
field
38%
waking
38%
ship
36%
Waving
33%
No matching quizzes found
Score Distribution
Percent of People with Each Score
Percentile by Number Answered
Your Score History
You have not taken this quiz